| 000 | 00516nam a2200181Ia 4500 | ||
|---|---|---|---|
| 001 | 11667 | ||
| 005 | 20260306162844.0 | ||
| 008 | 260306t1993||||xx |||||||||||||| ||spa|| | ||
| 041 | _aESP | ||
| 082 |
_a986.601 _bC84 |
||
| 100 |
_aCostales, Alfredo _eAUT |
||
| 245 | 0 |
_aLos señoríos del norte andino del reino de Quito: _blos puestos, angos, tulcanaza, taques, pasquel, tusa y guachagmira |
|
| 260 | _c1993 | ||
| 300 |
_a199 páginas : _c21 cm. |
||
| 650 | _aGEN | ||
| 654 | _aCHU | ||
| 942 |
_cLIB _dJUS _fJUS _2ddc _n |
||
| 999 |
_c11667 _d11667 |
||